00632nam a2200193Ia 4500008004100000020001500041082001600056100001700072245003200089250000700121260004300128300002800171500001900199600002100218650005000239942000700289952012700296999001500423240925s9999 xx 000 0 und d a067232234x a005.133 KIM aKimmel, Paul 0aVisual Basic.Net Unleashed  aNA aIndia:bTechmedia publicationsc,2002. aviii,763p.bNAfPirated aIncludes Index aComputer Science aComputer science, information & general works cBK 001040708CSaUITUbUITUd2002-10-09eVanguard Booksg612.00l0o005.133 KIMpQ4647r2024-09-25 07:13:35w2024-09-25yBK c7146d7146